000 00604nam a2200229Ia 4500
003 OSt
005 20221005114917.0
006 a|||||r|||| 00| 0
007 ta
008 221004b |||||||| |||| 00| 0 san d
024 _a59325
037 _cTextual
040 _aCRL
_cCRL
_bsan
041 _2san
_asan
082 _aO15:gx1,1, 33L3
100 _aRangacharya Sri Adya Au.
_9626741
245 0 _aBharathana natya shastra
260 _c1973
650 _aSANSKRIT LITERATURE
942 _hO15:gx1,1, 33L3
_cTEXL
_2cc
999 _c1032786
_d1032786